00662nam a2200229Ia 450000500170000000800410001702000180005804000190007604100120009508200160010710000230012324500770014625000360022326000300025930000150028950400360030463000130034065000250035365100210037870000220039985000110042120240424144523.0140110s9999 xx 000 0 und d a9781405161794 aLoreto College aEnglish a371.3 bGUR aGurung, Regan A.R. aOptimizing Teaching and LearningcRegan A.R. Gurung and Beth M. Schwartz aPracticing pedagogical research aUKbWiley-Blackwellc2009 axiv,232p.  aIncludes bibliography and index aLearning aPedagogical research aCollege teaching aSchwartz, Beth M. aLCBED